Movies Quiz

Random Movies or Star Wars Quiz

Star Wars: Episode 8 Characters Quiz Stats

Quiz not verified by Sporcle

Challenge
Share
Tweet
Embed
Score 0/22 Timer 03:00
0 Plays Today
Hint Answer % Correct
Luke Skywalker
96.7%
Rey
95.7%
General Leia Organa
95.7%
Finn
93.8%
Kylo Ren
91.4%
Poe Dameron
88%
Supreme Leader Snoke
82.8%
Rose Tico
82.8%
R2-D2
78.5%
General Hux
78%
C-3PO
78%
Hint Answer % Correct
BB-8
72.2%
Captain Phasma
71.8%
Chewie
71.3%
Maz Kanata
52.2%
DJ
50.6%
Vice Admiral Amilyn Holdo
50.6%
Admiral Gial Ackbar
45.9%
Master Yoda
45%
Nien Nunb
26.8%
Lieutenant Kaydel Ko Connix
17.2%
Captain Canady
10.3%

You're not logged in!

Compare scores with friends on all Sporcle quizzes.
Join for Free
OR
Log In

You Might Also Like...

Show Comments

Extras

Top Quizzes Today


Score Distribution

Your Account Isn't Verified!

In order to create a playlist on Sporcle, you need to verify the email address you used during registration. Go to your Sporcle Settings to finish the process.

Report this User

Report this user for behavior that violates our Community Guidelines.

Details: